000 00335nam a2200145Ia 4500
008 230718s9999 xx 000 0 und d
041 _aEng.
082 _a346.543
_bMR.-M
100 _aMr. M Farani
245 0 _aManual of Banking Laws
260 _aPakistan
_bNadeem Law Book
_c2014
300 _a755
650 _aLaw
999 _c30058
_d30058